[Event "Malta ol (Men)"]
[Site "La Valetta"]
[Date "1980.??.??"]
[Round "?"]
[White "Bakr, H."]
[Black "Agusto, Obafunmilayo"]
[Result "0-1"]
[WhiteElo "2200"]
[BlackElo "2200"]

1.c4 g6 2.Nc3 Bg7 3.Nf3 Nf6 4.e4 O-O 5.d4 d6 6.Be2 e5 7.d5 Nbd7 8.h3 Nc5
9.Qc2 a5 10.Be3 Nfd7 11.g4 f5 12.gxf5 gxf5 13.Bg5 Qe8 14.Rg1 Kh8 15.exf5 e4
16.Nh4 Nd3+ 17.Kf1 N7c5 18.Bg4 Bd4 19.Rg2 Rg8 20.Be2 Nxf2 21.Qd2 Nfd3 22.Bxd3 Nxd3
23.Re1 Bxf5 24.Nxf5 Qf7 25.Rxe4 Qxf5+ 26.Ke2 Bxc3 27.Qxc3+ Ne5 28.Rf4 Qxf4
29.Bxf4 Rxg2+ 30.Kf1 Rg7 31.Bxe5 dxe5 32.Qxe5 Rf8+ 33.Ke2 h6 34.Ke3 Rf7 35.Kd4 b6
36.c5 Kh7 37.Kc4 bxc5 38.Kxc5 Rd7 39.Qf5+ Kh8 40.h4 Kg8 41.Qe6+ Kh7 42.Qe4+ Kg8
43.Qa4 Rd6 44.Qxa5 Rgd7 45.Qd2 Kg7 46.a4 Kf7 47.a5 c6 48.Qf4+ Rf6 49.Qxf6+ Kxf6
50.dxc6 Rd2 51.b4 Ke7  0-1

[Event "Malta ol (Men)"]
[Site "La Valetta"]
[Date "1980.??.??"]
[Round "?"]
[White "Diez del Corral, Jesus"]
[Black "Westerinen, Heikki MJ"]
[Result "1-0"]
[WhiteElo "2485"]
[BlackElo "2470"]

1.d4 Nf6 2.c4 g6 3.Nc3 Bg7 4.e4 d6 5.Be2 O-O 6.Nf3 e5 7.d5 a5 8.Bg5 h6 9.Bh4 Qe8
10.Nd2 Nh7 11.f3 Na6 12.Bf2 Bd7 13.a3 b6 14.Qc2 f5 15.O-O-O Nf6 16.Be3 Nc5
17.Nb5 Qc8 18.Rhg1 g5 19.Bxc5 bxc5 20.exf5 Kh8 21.Nc3 Bxf5 22.Nde4 Nxe4 23.fxe4 Bg6
24.Rdf1 Rf4 25.g3 Rxf1+ 26.Rxf1 Qh3 27.Rf2 Rf8 28.Bd3 Qd7 29.Rxf8+ Bxf8 30.Qf2 Be7
31.Qd2 Bd8 32.Nb5 c6 33.dxc6 Qxc6 34.Bc2 Bc7 35.Qd5 Qxd5 36.exd5 Bxc2 37.Kxc2 Bb8
38.Kb3 Kg7 39.Ka4 Kf6 40.Kxa5 e4 41.Kb6  1-0

[Event "Malta ol (Men)"]
[Site "La Valetta"]
[Date "1980.??.??"]
[Round "?"]
[White "Keene, Raymond D"]
[Black "Kagan, Shimon"]
[Result "0-1"]
[WhiteElo "2460"]
[BlackElo "2400"]

1.d4 g6 2.c4 d6 3.Nc3 Bg7 4.e4 Nd7 5.Nf3 e5 6.Be2 Ngf6 7.O-O O-O 8.d5 Nc5
9.Qc2 a5 10.Bg5 h6 11.Be3 Ne8 12.Nd2 f5 13.exf5 gxf5 14.f4 e4 15.Nb3 Qe7
16.Rae1 Nf6 17.Qd2 Nxb3 18.axb3 Bd7 19.Bd4 Rae8 20.Nd1 b6 21.Ne3 Kh7 22.b4 axb4
23.Qxb4 Ng4 24.Qd2 Bxd4 25.Qxd4 Nxe3 26.Qxe3 Qg7 27.Qd2 Rg8 28.g3 Re7 29.Ra1 Be8
30.Qc3 Qxc3 31.bxc3 h5 32.Ra7 h4 33.Kf2 Kh6 34.Ra8 Reg7 35.Rh1 Bh5 36.Rxg8 Rxg8
37.Bxh5 Kxh5 38.Ra1 Kg4 39.Ra7 Rc8 40.Rb7 hxg3+ 41.hxg3 e3+ 42.Kxe3 Kxg3
43.Ra7 Re8+ 44.Kd3 Re7 45.Ra1 Kxf4 46.Rf1+ Kg5 47.Rg1+ Kf6 48.Rf1 Rh7 49.Re1 f4
50.Re8 Kf5 51.Ke2 Rh2+ 52.Kf1 Rc2 53.Re7 Rxc3 54.Rxc7 Ke4 55.Rc6 Ke3  0-1

[Event "Malta ol (Men)"]
[Site "La Valetta"]
[Date "1980.??.??"]
[Round "?"]
[White "Pundzas"]
[Black "Balashov, Yuri S"]
[Result "0-1"]
[WhiteElo "2200"]
[BlackElo "2600"]

1.c4 g6 2.Nc3 Bg7 3.d4 d6 4.e4 Nf6 5.Be2 O-O 6.Nf3 Nbd7 7.O-O e5 8.Be3 c6
9.Qc2 Qe7 10.d5 c5 11.a3 a6 12.b4 b6 13.Nd2 Ne8 14.Rab1 f5 15.f3 f4 16.Bf2 g5
17.bxc5 bxc5 18.Na4 h5 19.h3 Nef6 20.Rb3 Rf7 21.Rfb1 Bf8 22.Qd1 Rg7 23.Nc3 Rg6
24.Nf1 g4 25.fxg4 hxg4 26.hxg4 Qh7 27.Nd2 Qg7 28.Na4 Nxg4 29.Bxg4 Rxg4 30.Qf1 Be7
31.Nb6 Nxb6 32.Rxb6 Bf8 33.Rb8 Rxb8 34.Rxb8 Qc7 35.Qb1 Rg7 36.Rb3 Qf7 37.Qf1 Qh5
38.Be1 Bh3 39.Bg3 Bxg2 40.Kxg2 fxg3 41.Nf3 Rh7 42.Kxg3 Qg6+ 43.Kf2 Qxe4 44.Qb1 Qf4
45.Qg6+ Kh8 46.Qg5 Rf7 47.Qxf4 Rxf4 48.Ke2 Rxc4 49.Rb8 Kg7 50.Ng5 Be7 51.Rb7 Kf6
52.Nh7+ Kf7 53.Ng5+ Kg6 54.Ne6 Kf6 55.Nc7 Re4+ 56.Kd3 Rd4+ 57.Kc2 Kf7 58.Nxa6 Rxd5
59.Nc7 Rd4 60.Nb5 Rf4 61.Nxd6+ Ke6 62.Ne8 Bf8 63.Rb6+ Kd5 64.Kd2 Rh4 65.Nc7+ Kc4
66.a4 e4 67.a5 Bh6+ 68.Rxh6 Rxh6 69.a6 Rh2+ 70.Ke3 Ra2 71.Kxe4 Kb3 72.Ne6 Kb4
73.Nc7  0-1

[Event "DSV-Turnier"]
[Site "Leipzig"]
[Date "1980.??.??"]
[Round "1"]
[White "Hesse, Peter"]
[Black "Vogt, Lothar"]
[Result "1/2-1/2"]
[WhiteElo "2440"]
[BlackElo "2510"]

1.d4 Nf6 2.Nf3 g6 3.c4 Bg7 4.Nc3 O-O 5.e4 d6 6.Be2 e5 7.O-O Nbd7 8.Re1 c6
9.Bf1 exd4 10.Nxd4 Ng4 11.Qxg4 Bxd4 12.Be3 Nf6 13.Qh4 Bxe3 14.Rxe3 Ng4 15.Qxd8 Rxd8
16.Rd3 Be6 17.Rd4 Kf8 18.Rad1 Ke7 19.b3 g5 20.Be2 Ne5 21.f3 a6 22.a4 a5 23.Kf2 f5
24.exf5 Bxf5 25.Ne4 Bxe4 26.Rxe4 Kf6 27.h4 h6 28.hxg5+ hxg5 29.Red4 Ke7 30.g3 Nf7
31.f4 gxf4 32.Re4+ Kf6 33.Rxf4+ Ke7 34.Re4+ Kf6 35.Bh5 Ne5 36.Ke3 b6 37.Rf4+ Ke7
38.Bf3 Rg8 39.g4 Raf8 40.Be2 Rxf4 41.Kxf4 Rf8+ 42.Kg3 Rh8 43.Bd3 Rb8  1/2-1/2

[Event "DSV-Turnier"]
[Site "Leipzig"]
[Date "1980.??.??"]
[Round "2"]
[White "Gruenberg, Hans Ulrich"]
[Black "Suetin, Alexey S"]
[Result "1/2-1/2"]
[WhiteElo "2385"]
[BlackElo "2500"]

1.d4 Nf6 2.c4 g6 3.Nc3 Bg7 4.e4 O-O 5.Nf3 d6 6.Be2 e5 7.dxe5 dxe5 8.Qxd8 Rxd8
9.Bg5 Re8 10.Nd5 Nxd5 11.cxd5 c6 12.Bc4 cxd5 13.Bxd5 Nc6 14.Ke2 Bg4 15.Be3 Nb4
16.Bb3 Be6 17.Bxe6 Rxe6 18.Rac1 Nc6 19.Rhd1 Nd4+ 20.Kd3 Nc6 21.Ke2 Nd4+ 22.Kd3 Nc6
23.Kc2 Bf8 24.Kb1 f6 25.a3 Rd6 26.Rxd6 Bxd6 27.Rd1 Rd8 28.b4 Bb8 29.Rxd8+ Nxd8
30.Kc2 Kf7 31.Kd3 Ke6 32.Nd2 Nf7 33.Nb3 b6 34.Nd2 Bc7 35.a4 a6 36.Nc4 b5
37.axb5 axb5 38.Na3 Nd6 39.Bc5 Kd7 40.Bxd6 Bxd6 41.Nxb5 Bxb4 42.Kc4 Be1 43.f3 Kc6
44.Na3 h5 45.Nc2 Bd2 46.Kd3 Bg5 47.Nb4+ Kc5 48.Nd5 f5 49.Nc7 Kd6 50.Na6 h4
51.h3 Kc6 52.Nb4+ Kd6 53.Kc4 Be3 54.Kb5 Bf2 55.Nd5 Bd4 56.Nb6 Ke6 57.Nd5 Kd6
58.Nb4 Be3 59.Nd3 Bd4 60.Ka6 Kc6 61.Ka5  1/2-1/2

[Event "DSV-Turnier"]
[Site "Leipzig"]
[Date "1980.??.??"]
[Round "4"]
[White "Gruenberg, Hans Ulrich"]
[Black "Gufeld, Eduard"]
[Result "1/2-1/2"]
[WhiteElo "2385"]
[BlackElo "2510"]

1.d4 Nf6 2.c4 g6 3.Nc3 Bg7 4.e4 d6 5.Be2 O-O 6.Nf3 e5 7.dxe5 dxe5 8.Qxd8 Rxd8
9.Bg5 Na6 10.Nd5 Rd6 11.Bxf6 Bxf6 12.b4 Bg7 13.a3 c6 14.Ne7+ Kf8 15.Nxc8 Rxc8
16.c5 Rd7 17.Bc4 Nc7 18.Ke2 b5 19.cxb6 axb6 20.Rhd1 Rxd1 21.Rxd1 Ke7 22.Rc1 Ra8
23.Rc3 b5 24.Ba2 Ra6 25.Ne1 Ne6 26.Bxe6 Kxe6 27.Nd3 Bf8  1/2-1/2

[Event "Makarczyk mem"]
[Site "Lodz"]
[Date "1980.??.??"]
[Round "1"]
[White "Spassov, Liuben"]
[Black "Tseitlin, Mikhail S"]
[Result "1/2-1/2"]
[WhiteElo "2450"]
[BlackElo "2500"]

1.Nf3 g6 2.d4 Bg7 3.c4 d6 4.Nc3 Nd7 5.e4 e5 6.Be2 Ngf6 7.O-O O-O 8.Be3 c6
9.Qc2 Ng4 10.Bg5 f6 11.Bd2 f5 12.Bg5 Bf6 13.Bxf6 Qxf6 14.exf5 gxf5 15.dxe5 dxe5
16.Ne1 Nc5 17.h3 Nh6 18.f4 e4 19.Qd2 Be6 20.Qe3 b6 21.Nc2 Rad8 22.Rad1 Nf7
23.Rd4 Rd6 24.Rfd1 Rfd8 25.Rxd6 Rxd6 26.Rxd6 Nxd6 27.Qd4 Qxd4+ 28.Nxd4 Bxc4
29.Nxf5 Nxf5 30.Bxc4+ Kg7 31.b4 Nd3 32.Nxe4 Nxf4 33.Kf2 Nxg2 34.Be6 Ngh4
35.Bd7 Ne7 36.a3 Nhg6 37.Ke3 h5 38.Kd4 h4 39.a4 Nf8 40.Bg4 Nfg6 41.a5 Nf4
42.Ke5 Nfd5 43.Kd6 Kf8 44.axb6 axb6 45.Ng5 Nxb4 46.Nf3 c5 47.Be6 Nd3 48.Nxh4 b5
49.Ng2 c4 50.Ne3 c3 51.Nc2 b4 52.Bc4 Nb2 53.Bb3  1/2-1/2

[Event "Makarczyk mem"]
[Site "Lodz"]
[Date "1980.??.??"]
[Round "14"]
[White "Adamski, Jan"]
[Black "Schmidt, Wlodzimierz"]
[Result "1/2-1/2"]
[WhiteElo "2410"]
[BlackElo "2440"]

1.Nf3 Nf6 2.c4 g6 3.Nc3 Bg7 4.e4 d6 5.d4 O-O 6.Be2 e5 7.dxe5 dxe5 8.Qxd8 Rxd8
9.Bg5 Re8 10.Nd5 Nxd5 11.cxd5 c6 12.Bc4 b5 13.Bb3 Bb7 14.Rc1 Rc8 15.Be3 a5
16.Ng5 a4 17.dxc6 axb3 18.cxb7 Rxc1+ 19.Bxc1 Rxa2 20.Ke2 Ra7 21.Rd1 Rxb7
22.Rd8+ Bf8 23.Nxh7 Kxh7 24.Rxf8 Nc6 25.Be3  1/2-1/2

[Event "WchT U26"]
[Site "Mexico"]
[Date "1980.??.??"]
[Round "?"]
[White "Nogueiras, Jesus"]
[Black "Acosta, Mariano"]
[Result "1-0"]
[WhiteElo "2455"]
[BlackElo "2210"]

1.d4 Nf6 2.Nf3 g6 3.c4 Bg7 4.Nc3 O-O 5.e4 d6 6.Be2 e5 7.O-O Nbd7 8.Be3 Ng4
9.Bg5 f6 10.Bd2 Nh6 11.Qc2 c6 12.Rad1 Qe7 13.Rfe1 Nf7 14.Bf1 Re8 15.b4 Nf8
16.h3 f5 17.dxe5 dxe5 18.c5 Be6 19.Bc1 Rad8 20.Bb2 f4 21.Rxd8 Rxd8 22.Rd1 Bf6
23.Rxd8 Qxd8 24.Qa4 a6 25.Nb1 g5 26.Nbd2 h5 27.Nc4 Ng6 28.Qc2 g4 29.hxg4 hxg4
30.Nfd2 Bg7 31.Na5 Qh4 32.Nxb7 Ng5 33.Bc4 Bxc4 34.Qxc4+ Kh7 35.Nd6 g3 36.fxg3 Qxg3
37.Qe2 f3 38.Nxf3 Nh3+ 39.Kf1 Nhf4 40.Qd2 Qg4 41.Nf5 Qh5 42.Kf2 Qg4 43.Ne3 Qc8
44.Nf5  1-0

[Event "New York Inv"]
[Site "New York"]
[Date "1980.??.??"]
[Round "6"]
[White "Matera, Salvatore"]
[Black "Keene, Raymond D"]
[Result "1/2-1/2"]
[WhiteElo "2410"]
[BlackElo "2460"]

1.d4 Nf6 2.c4 d6 3.Nc3 Nbd7 4.Nf3 g6 5.e4 e5 6.Be2 Bg7 7.O-O O-O 8.Be3 Ng4
9.Bg5 f6 10.Bh4 c6 11.dxe5 dxe5 12.Nd2 Nh6 13.b4 Qe7 14.c5 Rd8 15.Qc2 Nf8
16.Nb3 Be6 17.f3 Bf7 18.Rfd1 Ne6 19.Bc4 Kh8 20.Ne2 g5  1/2-1/2

[Event "DDR-ch 29th"]
[Site "Plauen"]
[Date "1980.??.??"]
[Round "4"]
[White "Hesse, Peter"]
[Black "Paehtz, Thomas Sr"]
[Result "0-1"]
[WhiteElo "2440"]
[BlackElo "2380"]

1.Nf3 d6 2.d4 g6 3.c4 Bg7 4.Nc3 Nd7 5.e4 e5 6.Be2 Ngf6 7.O-O O-O 8.Re1 c6
9.Bf1 Re8 10.Rb1 a5 11.b3 exd4 12.Nxd4 Nc5 13.f3 d5 14.e5 dxc4 15.exf6 Rxe1
16.Qxe1 Bxf6 17.Nde2 Nd3 18.Qd2 Be7 19.Nd1 Bc5+ 20.Kh1 Bf5 21.bxc4 Nf2+ 22.Nxf2 Qxd2
23.Bxd2 Bxb1 24.Nc3 Bc2 25.Nfe4 Bb4 26.g4 f5 27.gxf5 gxf5 28.Ng3 Rd8 29.Be1 Re8
30.Bd2 Rd8 31.Be1 Kf7 32.Kg2 a4 33.Nh5 b6 34.Nf4 a3 35.Nfe2 Rg8+ 36.Kh1 Bd3
37.Ng3 Bxf1 38.Nxf1 f4 39.Bd2 Ke6 40.Ne4 Bxd2 41.Nfxd2 Ke5 42.Nb3 b5 43.Ned2 Rg7
44.h3 Rg3 45.Kh2 b4 46.h4 h6 47.Na5 Kd4 48.Nxc6+ Kd3 49.Nb3 Kxc4 50.Nd2+ Kd3
51.Nb3 Kc3 52.Nc5 Kb2 53.Nxb4 Rxf3 54.Kg2 Rg3+ 55.Kf2 Rh3 56.Ke2 Kc3 57.Nbd3 Re3+  0-1

[Event "DDR-ch 29th"]
[Site "Plauen"]
[Date "1980.??.??"]
[Round "7"]
[White "Gruenberg, Hans Ulrich"]
[Black "Casper, Thomas"]
[Result "1-0"]
[WhiteElo "2385"]
[BlackElo "2340"]

1.d4 Nf6 2.c4 d6 3.Nf3 g6 4.Nc3 Bg7 5.e4 O-O 6.Be2 e5 7.O-O Nbd7 8.Re1 c6
9.Bf1 a5 10.dxe5 dxe5 11.Na4 Qe7 12.Qc2 Re8 13.h3 b6 14.Be3 Rb8 15.c5 b5
16.Nb6 Bf8 17.Rac1 a4 18.Nd2 Rd8 19.Red1 Nxb6 20.cxb6 Bb7 21.b3 Ra8 22.f3 Qa3
23.Bf2 axb3 24.Nxb3 Qa6 25.Rxd8 Rxd8 26.Nc5 Qxb6 27.Nd7 Nxd7 28.Bxb6 Nxb6
29.Qc3 Rd4 30.Qa5 Na4 31.Qc7 Bh6 32.Qb8+  1-0

[Event "DDR-ch 29th"]
[Site "Plauen"]
[Date "1980.??.??"]
[Round "13"]
[White "Vogt, Lothar"]
[Black "Casper, Thomas"]
[Result "1/2-1/2"]
[WhiteElo "2510"]
[BlackElo "2340"]

1.Nf3 Nf6 2.c4 d6 3.d4 g6 4.Nc3 Bg7 5.e4 O-O 6.Be2 e5 7.O-O Nbd7 8.Be3 c6
9.d5 cxd5 10.cxd5 Ng4 11.Bg5 f6 12.Bd2 Nh6 13.Qc2 f5 14.Nb5 Nf6 15.Nc7 Rb8
16.Ng5 Nxe4 17.Nxe4 fxe4 18.Rac1 Nf5 19.Qxe4 Nd4 20.Bg4  1/2-1/2

[Event "DDR-ch 29th"]
[Site "Plauen"]
[Date "1980.??.??"]
[Round "15"]
[White "Heinig, Wolfram"]
[Black "Casper, Thomas"]
[Result "1-0"]
[WhiteElo "2330"]
[BlackElo "2340"]

1.d4 Nf6 2.c4 d6 3.Nc3 Nbd7 4.e4 e5 5.Nf3 g6 6.Be2 Bg7 7.O-O O-O 8.Re1 c6
9.Bf1 a5 10.Rb1 Re8 11.d5 Nc5 12.b3 Bd7 13.a3 cxd5 14.cxd5 a4 15.b4 Nb3 16.Nb5 Ng4
17.Nxd6 Qb6 18.Nxe8 Qxf2+ 19.Kh1 Qa2 20.Rb2 Qxb2 21.Bxb2 Nf2+ 22.Kg1 Nxd1
23.Nc7  1-0

[Event "Rubinstein mem"]
[Site "Polanica Zdroj"]
[Date "1980.??.??"]
[Round "1"]
[White "Luczak, Andrzej"]
[Black "Bielczyk, Jacek"]
[Result "1/2-1/2"]
[WhiteElo "2430"]
[BlackElo "2380"]

1.d4 Nf6 2.c4 d6 3.Nc3 Nbd7 4.e4 e5 5.Nf3 g6 6.Be2 Bg7 7.O-O O-O 8.Re1 c6
9.Bf1 exd4 10.Nxd4 Re8 11.Nc2 Ne5 12.h3 Be6 13.b3 Nh5 14.Nd4 Qh4 15.Be3 h6
16.Rc1 a5  1/2-1/2

[Event "Rubinstein mem"]
[Site "Polanica Zdroj"]
[Date "1980.??.??"]
[Round "5"]
[White "Plachetka, Jan"]
[Black "Bielczyk, Jacek"]
[Result "1/2-1/2"]
[WhiteElo "2480"]
[BlackElo "2380"]

1.d4 Nf6 2.c4 d6 3.Nf3 Nbd7 4.Nc3 g6 5.e4 e5 6.Be2 Bg7 7.O-O O-O 8.Be3 Ng4
9.Bg5 f6 10.Bh4 Nh6 11.dxe5 dxe5 12.b4 Nf7 13.Nd2 c6 14.Nb3 Qe7 15.c5 Re8
16.Qc2 Nf8 17.Rfd1 Ne6 18.f3 Nf4 19.Bc4 Be6 20.Bxe6 Nxe6 21.Ne2 Red8 22.Bf2 Rxd1+
23.Rxd1 Rd8 24.Na5 Rxd1+ 25.Qxd1 Bf8 26.h3 Qc7 27.Nc4 Qd8 28.Qxd8 Nfxd8 29.Be3 Kf7
30.Kf2 Ke8 31.Nc1 Kd7 32.Nd3 Nf7 33.g3 g5 34.Bd2 Kc7 35.Bc3 Be7 36.Ne3 a5
37.Nf5 Bf8 38.Ke3 axb4 39.Bxb4 Nh6 40.Ba5+ Kd7 41.Bb6 Nxf5+  1/2-1/2

[Event "Rubinstein mem"]
[Site "Polanica Zdroj"]
[Date "1980.??.??"]
[Round "12"]
[White "Pokojowczyk, Jerzy"]
[Black "Bielczyk, Jacek"]
[Result "1/2-1/2"]
[WhiteElo "2380"]
[BlackElo "2380"]

1.d4 Nf6 2.c4 g6 3.Nc3 Bg7 4.e4 d6 5.Nf3 O-O 6.Be2 e5 7.dxe5 dxe5 8.Qxd8 Rxd8
9.Bg5 Re8 10.Nd5 Nxd5 11.cxd5 c6 12.Bc4 cxd5 13.Bxd5 Nc6 14.Bxc6 bxc6 15.O-O Be6
16.Rfc1 Reb8 17.b3 a5 18.Rxc6 a4 19.bxa4 Rxa4 20.Nd2 Rxa2 21.Rxa2 Bxa2  1/2-1/2

[Event "ARG-ch"]
[Site "Quilmes"]
[Date "1980.??.??"]
[Round "8"]
[White "Rubinetti, Jorge A"]
[Black "Quinteros, Miguel A"]
[Result "1/2-1/2"]
[WhiteElo "2445"]
[BlackElo "2515"]

1.Nf3 g6 2.d4 Nf6 3.c4 Bg7 4.Nc3 O-O 5.e4 d6 6.Be2 e5 7.dxe5 dxe5 8.Qxd8 Rxd8
9.Bg5 Re8 10.Nd5 Nxd5 11.cxd5 c6 12.Bc4 b5 13.Bb3 a5 14.a4 Bd7  1/2-1/2

[Event "ARG-ch"]
[Site "Quilmes"]
[Date "1980.??.??"]
[Round "10"]
[White "Debarnot, Roberto"]
[Black "Rubinetti, Jorge A"]
[Result "1/2-1/2"]
[WhiteElo "2430"]
[BlackElo "2445"]

1.Nf3 Nf6 2.c4 g6 3.Nc3 Bg7 4.d4 O-O 5.e4 d6 6.Be2 e5 7.dxe5 dxe5 8.Qxd8 Rxd8
9.Bg5 Re8 10.Nd5 Nxd5 11.cxd5 c6 12.Bc4 b5 13.Bb3 a5 14.a4 Bd7 15.dxc6 Nxc6
16.O-O Nd4 17.Nxd4 exd4 18.f3 d3 19.Bd5 Bxb2 20.Bxa8 Bd4+ 21.Kh1 Bxa1 22.Rxa1 Rxa8
23.Rd1 b4 24.Rxd3 Bxa4 25.Rd8+ Rxd8 26.Bxd8 b3 27.Bf6 Kf8 28.Kg1 Ke8 29.Kf2 Kd7
30.Ke3 Kc6 31.Kd2 Bb5 32.f4 Bf1 33.g3 Bg2 34.f5 Bxe4 35.fxg6 fxg6 36.Kc3 Bc2
37.h4 Kd5 38.Bd8 a4 39.Kb2 Ke4 40.Be7 Kf3 41.Bd6 Bd1 42.Ka3 Ke4  1/2-1/2

[Event "ARG-ch"]
[Site "Quilmes"]
[Date "1980.??.??"]
[Round "13"]
[White "Debarnot, Roberto"]
[Black "Najdorf, Miguel"]
[Result "1/2-1/2"]
[WhiteElo "2430"]
[BlackElo "2510"]

1.Nf3 Nf6 2.c4 g6 3.Nc3 Bg7 4.e4 d6 5.d4 O-O 6.Be2 Nbd7 7.O-O e5 8.dxe5 dxe5
9.b3 b6 10.Qc2 Bb7 11.Ba3 c5 12.Rad1 Qb8 13.Nd5 Re8 14.Nd2 Nf8 15.Nxf6+ Bxf6
16.Bg4 h5 17.Bh3 Nh7 18.Nf3 Bg7 19.Bb2 Nf6 20.Rfe1 Bc6 21.Nd2 Qb7 22.f3 Nh7
23.Nb1 Ng5 24.Nc3 Rf8 25.Rd6 Rad8 26.Red1 Rxd6 27.Rxd6 Nxh3+ 28.gxh3 Bd7
29.Qg2 Qc7 30.Rd3 Qc6 31.Nd5 Kh7 32.h4 Qe6 33.f4 exf4 34.Nxf4 Qg4 35.Bxg7 Kxg7
36.Qxg4 Bxg4 37.Nd5 Re8 38.Nc3 Kf6 39.Kf2 Be6 40.Ke3 Ke5 41.Rd1 Re7 42.Rg1 Bg4
43.Nd5 Rd7 44.Rf1 Rb7 45.Rf2 a6 46.Nf4 Rd7 47.h3 Be6 48.Nd3+ Kd6 49.Nf4 Ke5
50.Nd3+ Kd6 51.Nf4 Ke5  1/2-1/2

[Event "URS-ch U26"]
[Site "Riga"]
[Date "1980.??.??"]
[Round "?"]
[White "Magerramov, Elmar"]
[Black "Lanka, Zigurds"]
[Result "1/2-1/2"]
[WhiteElo "2435"]
[BlackElo "2340"]

1.Nf3 Nf6 2.c4 g6 3.Nc3 Bg7 4.e4 d6 5.d4 O-O 6.Be2 e5 7.Be3 Ng4 8.Bg5 f6
9.Bc1 Nd7 10.O-O c6 11.d5 c5 12.Nb5 Nb8 13.Nd2 Nh6 14.Rb1 f5 15.b4 cxb4 16.a3 a6
17.Nxd6 Qxd6 18.axb4 Qd8 19.c5 Nd7 20.f3 Nf6 21.Bb2 fxe4 22.fxe4 Bg4 23.Bxe5 Bxe2
24.Qxe2 Nf7 25.Ba1 Nd7 26.Bxg7 Kxg7 27.Nc4 Qg5 28.Rbe1 Nfe5 29.Nd6 Rab8 30.Qb2 Kg8
31.Qc3 Qe7 32.Rxf8+ Rxf8 33.Rf1 Rxf1+ 34.Kxf1 Ng4 35.Ke2 Ngf6 36.Qd4 b6 37.Kd3 bxc5
38.bxc5 a5 39.Kc4 h5 40.Kb5 a4  1/2-1/2

[Event "Rostov"]
[Site "Rostov"]
[Date "1980.??.??"]
[Round "?"]
[White "Chekhova Kostina, Tatiana M"]
[Black "Gurieli, Nino"]
[Result "0-1"]
[WhiteElo "2165"]
[BlackElo "2255"]

1.d4 d6 2.c4 g6 3.Nc3 Bg7 4.e4 Nd7 5.Be2 Ngf6 6.Nf3 O-O 7.O-O e5 8.Be3 c6
9.dxe5 dxe5 10.Qc2 Qe7 11.a3 Ng4 12.Bg5 f6 13.Bd2 Nc5 14.Rad1 f5 15.Bg5 Qc7
16.b4 Ne6 17.h3 Nxg5 18.Nxg5 Nf6 19.c5 Qe7 20.Bc4+ Kh8 21.Qb3 Nd5 22.Nxh7 Kxh7
23.exd5 cxd5 24.Nxd5 Qh4 25.Nc7 f4 26.Qf3 Bf5 27.Ne6 Rfe8 28.Nxg7 Kxg7 29.Qxb7+ Kh6
30.Rd6 e4 31.Rfd1 e3 32.Qf3 Be4 33.Qg4 exf2+ 34.Kf1 Bd3+  0-1

[Event "Skien op"]
[Site "Skien"]
[Date "1980.??.??"]
[Round "3"]
[White "Goodman, David SC"]
[Black "Berkell, Peder"]
[Result "0-1"]
[WhiteElo "2375"]
[BlackElo "2270"]

1.d4 Nf6 2.c4 g6 3.Nc3 Bg7 4.e4 d6 5.Be2 O-O 6.Nf3 e5 7.O-O Nbd7 8.d5 Nc5
9.Qc2 a5 10.Bg5 h6 11.Be3 Nh5 12.g3 Bh3 13.Rfc1 b6 14.a3 a4 15.Bxc5 bxc5
16.Nxa4 Qe8 17.Nc3 f5 18.Bf1 Bxf1 19.Rxf1 f4 20.Qe2 Qd7 21.Kg2 g5 22.Nxe5 f3+
23.Nxf3 Qg4 24.Qd1 Rxf3 25.Qc2 Raf8 26.Rad1 Rxc3  0-1

[Event "Tirnavia-A"]
[Site "Trnava"]
[Date "1980.??.??"]
[Round "7"]
[White "Plachetka, Jan"]
[Black "Fernandez, Juan C"]
[Result "1/2-1/2"]
[WhiteElo "2480"]
[BlackElo "2390"]

1.d4 Nf6 2.c4 g6 3.Nc3 Bg7 4.e4 d6 5.Nf3 O-O 6.Be2 Nbd7 7.O-O e5 8.Be3 a5
9.dxe5 dxe5 10.Nd2 Re8 11.Qc2 Nf8 12.Rfd1 Ne6 13.Nb3 Nd7 14.Na4 Qe7 15.c5 Nd4
16.Nxd4 exd4 17.Bxd4 Qxe4 18.Qxe4 Rxe4 19.Bxg7 Kxg7 20.Nc3 Re8 21.c6 bxc6
22.f4 Rb8 23.Rd2 Nb6 24.Rc1 Be6 25.b3 Red8 26.Rxd8 Rxd8 27.Bf3 Nd5 28.Ne2 Nb4
29.a3 Nd3 30.Rxc6 Bxb3 31.Rxc7 a4 32.g3 Bd1 33.Kf1 Nb2 34.Be4 Bb3 35.Nc3 Nc4
36.Ra7 Nd2+ 37.Ke2 Nxe4 38.Nxe4 Rc8 39.Nd2 Bc2 40.Nf3 Rc3 41.Nd4 Bd3+ 42.Kd2 Rxa3
43.Ne6+ Kf6 44.Nc5 Bb5 45.Ne4+ Kg7 46.Nc3 Be8 47.Ra8 Bd7 48.Ra7 Be6 49.Rxa4 Rb3
50.Nd1 h5 51.Rd4 Bg4 52.Rc4 Rf3 53.Ke1 Rd3 54.Rc1 h4 55.Nf2 Re3+ 56.Kf1 Be6
57.gxh4 Rf3 58.Rc5 f5 59.Kg2 Rxf4 60.Kg3 Rd4 61.Rc3 Kh6 62.Rc7 Ra4 63.Rc3 Kh5
64.h3 f4+ 65.Kh2 Kxh4 66.Rc7 Ra2 67.Rh7+ Kg5 68.h4+ Kf5 69.Kg1 f3 70.Rb7 Ra4
71.Kh2 Bd5 72.Rd7 Rxh4+ 73.Kg3 Rd4 74.Rd6 Rd2  1/2-1/2

[Event "CSR-ch"]
[Site "Trnava"]
[Date "1980.??.??"]
[Round "9"]
[White "Ftacnik, Lubomir"]
[Black "Mista, Ladislav"]
[Result "1-0"]
[WhiteElo "2470"]
[BlackElo "2360"]

1.d4 Nf6 2.c4 g6 3.Nc3 Bg7 4.e4 d6 5.Be2 O-O 6.Nf3 e5 7.O-O Nbd7 8.Qc2 exd4
9.Nxd4 Ng4 10.Bxg4 Bxd4 11.Bh6 Re8 12.Rad1 Bh8 13.f4 Qh4 14.Bxd7 Bxd7 15.Bg5 Qh5
16.Nd5 Bc6 17.h3 Bxd5 18.Rxd5 f5 19.exf5 Qe2 20.Qxe2 Rxe2 21.Rf2 Rxf2 22.Kxf2 Bxb2
23.fxg6 hxg6 24.Kf3 Re8 25.Bh4 a6 26.Bf2 Kf7 27.h4 Rh8 28.Kg4 Bf6 29.f5 gxf5+
30.Rxf5 c5 31.a4 Ke6 32.Rf3 Be5 33.Rb3 Rh7 34.h5 Rg7+ 35.Kh3 Kf5 36.Bh4 d5
37.cxd5 c4 38.Rb4 b5 39.axb5 axb5 40.Rxb5 c3 41.d6 Ke6 42.h6 Rh7 43.Bg5 Kxd6
44.Kg4 c2 45.Rb8 Rc7 46.Rd8+ Ke6 47.Re8+ Kd6 48.Bc1 Rf7 49.Kg5 Rf1 50.Ba3+ Kd5
51.h7  1-0

[Event "CSR-ch"]
[Site "Trnava"]
[Date "1980.??.??"]
[Round "12"]
[White "Gross, Stefan"]
[Black "Nemec, Pavel"]
[Result "1/2-1/2"]
[WhiteElo "2355"]
[BlackElo "2200"]

1.Nf3 Nf6 2.c4 g6 3.Nc3 Bg7 4.e4 d6 5.d4 O-O 6.Be2 e5 7.Be3 Re8 8.d5 Nbd7
9.Nd2 a5 10.a3 Nc5 11.b4 axb4 12.axb4 Rxa1 13.Qxa1 Na6 14.Qa5 Nh5 15.Bxh5 gxh5
16.O-O Bf6 17.c5 Bg5 18.Re1 h6 19.Nc4 Be7 20.c6 bxc6 21.dxc6 Nxb4 22.Qxb4 d5
23.Qa4 dxc4 24.Rd1 Bd6 25.Qxc4 Be6 26.Qe2 Qh4 27.Bxh6 Kh7 28.Be3 Rg8 29.Nd5 Rg6
30.f3 Qd8 31.Kh1 Qg8 32.Qf2 Qa8 33.Qh4 Qa4 34.Rg1 Kg7 35.Qxh5 Bxd5 36.exd5 Qb3
37.Bc1 Qxd5 38.f4 Rh6 39.Qg4+ Rg6 40.Qd7 exf4 41.Bxf4 Qc5 42.Bxd6 Rxd6 43.Qxc7 Qxc6
44.Qa7 Rg6 45.h3 Qb6 46.Qa3 Qd6 47.Qf3 Qf6 48.Kh2 Rh6 49.Rf1 Qxf3 50.Rxf3 Rb6
51.g4 Kg6 52.Kg3 Rb4 53.h4 Kg7 54.g5 Ra4 55.h5 Ra1 56.Kg4 Rg1+ 57.Kf5 Ra1
58.h6+ Kg8 59.Re3 Rf1+ 60.Ke5 Rg1 61.Kf6 Rf1+ 62.Ke7 Rg1 63.Re5 Rg2 64.Kf6 Rf2+
65.Rf5 Ra2 66.Rf4 Rh2 67.Kf5 Rh1 68.Rf2 Ra1 69.Rh2 Ra5+ 70.Kg4 Ra4+ 71.Kh5 Ra1
72.Rh3 Rg1 73.Kh4 Ra1 74.Re3 Rh1+ 75.Kg4 Rg1+ 76.Rg3 Ra1 77.Rd3 Rg1+ 78.Kf4 Rf1+
79.Ke3 Rf5 80.Rd6  1/2-1/2

[Event "CSR-ch"]
[Site "Trnava"]
[Date "1980.??.??"]
[Round "13"]
[White "Meduna, Eduard"]
[Black "Mista, Ladislav"]
[Result "1-0"]
[WhiteElo "2405"]
[BlackElo "2360"]

1.d4 Nf6 2.c4 d6 3.Nc3 Nbd7 4.Nf3 e5 5.e4 g6 6.Be2 Bg7 7.O-O O-O 8.Re1 exd4
9.Nxd4 Re8 10.Bf1 c6 11.Bf4 Nc5 12.Qc2 Ng4 13.Rad1 Bxd4 14.Rxd4 Qf6 15.Ne2 Nxf2
16.Rxd6 Qe7 17.Nc3 Ng4 18.b4 Ne6 19.Bg3 Ng7 20.Rdd1 Qxb4 21.Bd6 Qa5 22.Qd2 Be6
23.h3 Ne5 24.Qd4 f6 25.Qe3 Rad8 26.c5 Rd7 27.Rd4 b5 28.cxb6 c5 29.Ra4 Qxb6
30.Bxe5 fxe5 31.Bb5 Rd4 32.Bxe8 Nxe8 33.Rb1  1-0

[Event "DDR-HUN"]
[Site "Zinnowitz"]
[Date "1980.??.??"]
[Round "?"]
[White "Pinter, Jozsef"]
[Black "Knaak, Rainer"]
[Result "1-0"]
[WhiteElo "2535"]
[BlackElo "2535"]

1.d4 Nf6 2.c4 d6 3.Nc3 Nbd7 4.e4 e5 5.Nf3 g6 6.Be2 Bg7 7.O-O O-O 8.Re1 c6
9.Bf1 exd4 10.Nxd4 Ng4 11.h3 Qb6 12.hxg4 Qxd4 13.g5 Qe5 14.Be3 Qe7 15.Qd2 Ne5
16.Rad1 Be6 17.b3 Rad8 18.f4 Ng4 19.Bd4 f6 20.Be2 h5 21.Nd5 Bxd5 22.exd5 Qd7
23.Bxg4 Qxg4 24.Re7 c5 25.Rxg7+ Kxg7 26.Bxf6+ Rxf6 27.gxf6+ Kxf6 28.Re1 Rf8
29.Qe3 Kg7 30.Qe7+ Rf7 31.Qxd6 Rxf4 32.Qxc5 h4 33.Qe3 Rf7 34.Qe5+ Kg8 35.Qe4 Qg3
36.Qe8+ Rf8 37.Qe3 Rf3 38.Qe6+ Kh7 39.Re2 Rf5 40.Qe7+ Kg8 41.Qe3 Qg4 42.d6 Rf7
43.Qe4  1-0

[Event "DEN-ch"]
[Site "Aarhus"]
[Date "1981.??.??"]
[Round "4"]
[White "Fries Nielsen, Jens Ove"]
[Black "Hvenekilde, Jorgen"]
[Result "1/2-1/2"]
[WhiteElo "2320"]
[BlackElo "2275"]

1.Nf3 Nf6 2.c4 g6 3.d4 Bg7 4.Nc3 O-O 5.e4 d6 6.Be2 e5 7.O-O exd4 8.Nxd4 Re8
9.f3 Nc6 10.Be3 Nxd4 11.Bxd4 c6 12.Qd2 a6 13.Rfd1 Be6 14.Bf2 d5 15.cxd5 cxd5
16.e5 Nd7 17.f4 f6 18.Nxd5 fxe5 19.Rac1 Nf8 20.Qb4 Bxd5 21.Bc4 Kh8 22.Bxd5 Rc8
23.Rxc8 Qxc8 24.Bxb7 Qc7 25.Bxa6 exf4 26.b3 Ra8 27.Qd6 Qc2 28.Re1 g5 29.Bd4 Ne6
30.Bxg7+ Nxg7 31.Bf1 Qc3 32.Qe5 Qxe5 33.Rxe5 Rxa2 34.Rxg5 Ne6 35.Re5 Nd4
36.Bd3 Rb2 37.Re8+ Kg7 38.Rb8 Kf6 39.b4 Rb1+ 40.Kf2 Rb2+  1/2-1/2

[Event "DEN-ch"]
[Site "Aarhus"]
[Date "1981.??.??"]
[Round "8"]
[White "Hvenekilde, Jorgen"]
[Black "Mortensen, Erling"]
[Result "0-1"]
[WhiteElo "2275"]
[BlackElo "2375"]

1.d4 Nf6 2.c4 d6 3.Nf3 Nbd7 4.Nc3 e5 5.e4 g6 6.Be2 Bg7 7.O-O O-O 8.Re1 c6
9.Bf1 a5 10.h3 exd4 11.Nxd4 Re8 12.g3 Nc5 13.Bg2 a4 14.Bf4 h6 15.Nc2 Nfd7
16.Bxd6 a3 17.Qd2 axb2 18.Rad1 Qa5 19.Nd4 Ne5 20.Bxe5 Bxe5 21.f4 Bxd4+ 22.Qxd4 Be6
23.f5 gxf5 24.Rf1 Red8 25.Nd5 Nxe4 26.Bxe4 cxd5 27.Bxf5 dxc4 28.Qg4+ Kh8
29.Bxe6 Qb6+ 30.Kh2 Qxe6 31.Qf3 Rxd1 32.Rxd1 Rxa2 33.Rb1 Kg8 34.h4 Qg6 35.Qd1 c3
36.h5 Qe4 37.Kh3  0-1